Rompecabezas de Formas de Países Divididas - Estadísticas

Estadísticas generales
  • Esta prueba ha sido intentada 5.717 veces
  • La puntuación promedio es 9 de 15
Estadísticas de respuestas
Nombre del país % Correcto
España
95%
Australia
85%
Marruecos
85%
Egipto
83%
Brasil
80%
Senegal
78%
Angola
56%
Arabia Saudita
55%
Etiopía
50%
Nepal
46%
Emiratos Árabes Unidos
44%
Irán
44%
Zambia
39%
Austria
38%
Guatemala
38%
No se encontraron pruebas coincidentes
Distribución de puntuación
Porcentaje de gente con cada puntuación
Porcentaje por número respondido
Historial de tus puntuaciones
No has intentado esta prueba.